| 000 | 01491cam a2200409 a 4500 | ||
|---|---|---|---|
| 001 | 22378 | ||
| 003 | VRT | ||
| 005 | 20260327082813.0 | ||
| 008 | 240226s2004 xo gr 000 f slo | ||
| 015 | _aSNBA2005/05-01729 | ||
| 020 |
_a8055107475 _q(viazané) |
||
| 035 | _aSNK000436841 | ||
| 035 | _aurn:nbn:sk:snk-am3j35p | ||
| 035 | _aD6029E73-440C-4389-80DB-1E85D3A7A27A | ||
| 035 | _aurn:nbn:sk:snk-am00gi3l | ||
| 039 | 9 |
_a202402261931 _bVLOAD _c202205091542 _dVLOAD _c202204221217 _dVLOAD _c202202251738 _dAUTHORITY |
|
| 040 |
_aSNK _bslo _cSNK _eAACR2 |
||
| 041 | 1 |
_aslo _heng |
|
| 044 |
_axo _cSK |
||
| 072 | 7 |
_a821.111-3 _xAnglická próza, anglicky písaná _2konspekt |
|
| 080 |
_a821.111-31 _22011 |
||
| 100 | 1 |
_aKnight, India, _d1965- _4aut |
|
| 240 | 1 | 0 |
_aMy life on a plate _lSlovensky |
| 245 | 1 | 0 |
_aMôj život na tanieri _cIndia Knightová ; [z anglického originálu preložila Zdenka Buntová] |
| 250 | _a[1. vyd.] | ||
| 260 |
_aBratislava _bIkar _c2004 |
||
| 300 |
_a239 strán _c21 cm |
||
| 655 | 7 |
_aanglické romány _2SNKPH |
|
| 700 | 1 |
_aBuntová, Zdenka, _d1951- _4trl |
|
| 910 | _asnk | ||
| 942 |
_2ddc _cKLDO _n0 |
||
| 949 |
_62889122809 _asavukPV 7481 |
||
| 949 |
_6273K0493431 _91 _asvkpoA 191900 _bsvkpo479345 |
||
| 949 |
_617A0442831 _9P60, <03>, [BOOK], {603}, -B- _asnkSC 117249 _bsnkKSP 11882/2004 _s6100:20210720 |
||
| 949 |
_617A0453057 _9P60, <04>, [BOOK], {604} _asnkSC 117249 D1 _bsnkKSP 15580/2004 |
||
| 949 |
_6270001000249864 _asvkbbA 110410 _bsvkbb657113 |
||
| 999 |
_c22378 _d22378 |
||